书目信息 |
| 题名: |
国际商务单证缮制与操作
|
|
| 作者: | 陈向杰 , 高文龙 主编 | |
| 分册: | ||
| 出版信息: | 北京 对外经济贸易大学出版社 2013 |
|
| 页数: | 135页 | |
| 开本: | 26cm | |
| 丛书名: | ||
| 单 册: | ||
| 中图分类: | F740.44 | |
| 科图分类: | ||
| 主题词: | 国际商务--票据 , 国际商务 , 票据 | |
| 电子资源: | ||
| ISBN: | 978-7-5663-0711-8 | |
| 000 | 00894nam0 22002651 450 | |
| 001 | 519 | |
| 005 | 20140909101029.87 | |
| 010 | @a978-7-5663-0711-8@dCNY19.00 | |
| 100 | @a20140110d2013 em y0chiy50 ea | |
| 101 | 0 | @achi |
| 102 | @aCN@b110000 | |
| 105 | @ay z 000yy | |
| 106 | @ar | |
| 200 | 1 | @a国际商务单证缮制与操作@AGuo Ji Shang Wu Dan Zheng Shan Zhi Yu Cao Zuo@f陈向杰,高文龙主编@FChen Xiang Jie, Gao Wen Long Zhu Bian |
| 210 | @a北京@c对外经济贸易大学出版社@d2013 | |
| 215 | @a135页@d26cm | |
| 330 | @a本书内容包括:阅读与分析信用证、审核与修改信用证、信用证项目下制单、信用证项目下审单、单证技能实训等。 | |
| 606 | 0 | @a国际商务@x票据 |
| 606 | 0 | @a国际商务 |
| 606 | 0 | @a票据 |
| 690 | @aF740.44@v5 | |
| 701 | 0 | @a陈向杰@AChen Xiang Jie@4主编 |
| 701 | 0 | @a高文龙@AGao Wen Long@g(高级讲师)@4主编 |
| 801 | 0 | @aCN@bTANGWEI@c20140603 |
| 905 | @b0836964-66@dF740.44@e165@f3 | |
| 国际商务单证缮制与操作/陈向杰,高文龙主编.-北京:对外经济贸易大学出版社,2013 |
| 135页;26cm |
| ISBN 978-7-5663-0711-8:CNY19.00 |
| 本书内容包括:阅读与分析信用证、审核与修改信用证、信用证项目下制单、信用证项目下审单、单证技能实训等。 |
| ● |
| 相关链接 |
|
|
|
|
正题名:国际商务单证缮制与操作
索取号:F740.44/165
 
预约/预借
| 序号 | 登录号 | 条形码 | 馆藏地/架位号 | 状态 | 备注 |
| 1 | 0836964 | 208369647 | 第一样本阅览室/ [索取号:F740.44/165] | 在馆 | |
| 2 | 0836965 | 208369656 | 第一借阅区/ [索取号:F740.44/165] | 在馆 | |
| 3 | 0836966 | 208369665 | 密集书库-海洋学院/ [索取号:F740.44/165] | 在馆 |